00999cam a2200253 i 45000010009000000050017000090080041000260100017000670200042000840400028001260410008001540420008001620430012001700800018001820820022002001000007002221010008002292450250002375040067004879060045005549420012005999990017006119520117006281777480120180206042039.0130612s2014 caua b 001 0 eng  a 2013012540 a9781452276496 (pbk. : acidfree paper) aDLCbengcDLCerdadDLC aeng apcc an-us--- a320.47301 KER00a320.47301 KER2231 a19 aPOL14aThe logic of American politics /cSamuel Kernell, University of California, San Diego, Gary C. Jacobson, University of California, San Diego, Thad Kousser, University of California, San Diego, Lynn Vavreck, University of California, Los Angeles. aIncludes bibliographical references (pages 729-742) and index. a7bcbccorignewd1eecipf20gy-gencatlg 2ddccBK c41886d41886 00102udc40708PËKGa002b002cPËKGd2018-02-06l0o320.47301 KERp002-2999331r2018-02-06w2018-02-06yBK